书目信息 |
| 题名: |
从混沌到秩序
|
|
| 作者: | 唐晓峰 著 | |
| 分册: | ||
| 出版信息: | 北京 中华书局 2010 |
|
| 页数: | 322页 | |
| 开本: | 24cm | |
| 丛书名: | ||
| 单 册: | ||
| 中图分类: | K90-092 | |
| 科图分类: | ||
| 主题词: | 地理学史--思想史--中国--上古 , 地理学史 , 思想史 | |
| 电子资源: | ||
| ISBN: | 978-7-101-07120-7 | |
| 000 | 01007nam0 22002651 450 | |
| 001 | 524 | |
| 005 | 20140910110615.17 | |
| 010 | @a978-7-101-07120-7@dCNY45.00 | |
| 100 | @a20100205d2010 em y0chiy50 ea | |
| 101 | 0 | @achi |
| 102 | @aCN@b110000 | |
| 105 | @aa z 000yy | |
| 106 | @ar | |
| 200 | 1 | @a从混沌到秩序@ACong Hun Dun Dao Zhi Xu@e中国上古地理思想史述论@EZhong Guo Shang Gu Di Li Si Xiang Shi Shu Lun@f唐晓峰著@FTang Xiao Feng Zhu |
| 210 | @a北京@c中华书局@d2010 | |
| 215 | @a322页@c图@d24cm | |
| 330 | @a本书分为十二章,内容包括:中国古代的开辟神话、英雄救世与圣人开创思想、新石器时代世界秩序观念的证据、天圆地方:环宇秩序的大框架、《禹贡》的经典化、王朝地理之学等。 | |
| 517 | 1 | @a中国上古地理思想史述论@AZhong Guo Shang Gu Di Li Si Xiang Shi Shu Lun |
| 606 | 0 | @a地理学史@x思想史@y中国@z上古 |
| 606 | 0 | @a地理学史 |
| 606 | 0 | @a思想史 |
| 690 | @aK90-092@v5 | |
| 701 | 0 | @a唐晓峰@ATang Xiao Feng@f(1948~)@4著 |
| 801 | 0 | @aCN@bTANGWEI@c20140603 |
| 905 | @b0837321-23@dK90-092@e223@f3 | |
| 从混沌到秩序:中国上古地理思想史述论/唐晓峰著.-北京:中华书局,2010 |
| 322页:图;24cm |
| ISBN 978-7-101-07120-7:CNY45.00 |
| 本书分为十二章,内容包括:中国古代的开辟神话、英雄救世与圣人开创思想、新石器时代世界秩序观念的证据、天圆地方:环宇秩序的大框架、《禹贡》的经典化、王朝地理之学等。 |
| ● |
| 相关链接 |
|
|
|
|
正题名:从混沌到秩序
索取号:K90-092/223
 
预约/预借
| 序号 | 登录号 | 条形码 | 馆藏地/架位号 | 状态 | 备注 |
| 1 | 0837321 | 208373213 | 第二样本阅览室/ [索取号:K90-092/223] | 在馆 | |
| 2 | 0837322 | 208373222 | 密集书库-物理学院/ [索取号:K90-092/223] | 在馆 | |
| 3 | 0837323 | 208373231 | 第二借阅区/ [索取号:K90-092/223] | 在馆 |